000
00331nam a2200157Ia 4500
100
_a
Jangam/U.B./ Patil/ K.P.
490
_v
2
942
_c
BK
654
_a
mathematics II
245
_a
Applied Mathematics-II
260
_b
Nandu Pub
_a
Mumbai
_c
1999
082
_a
519
_b
JAN
300
_a
254
546
_a
ENGLISH
999
_c
32935
_d
32935